Home Print Resources E-Books E-Journals IIMT Lecture Series Library Membership Form Book Recommendation Form Campus Tour Take AdmissionAbout Us Contact Us

HINDI SIKSHAN (Record no. 56170)

000 -LEADER
fixed length control field 00401nam a22001577a 4500
003 - CONTROL NUMBER IDENTIFIER
control field OSt
005 - DATE AND TIME OF LATEST TRANSACTION
control field 20231223051544.0
008 - FIXED-LENGTH DATA ELEMENTS--GENERAL INFORMATION
fixed length control field 221212b xxu||||| |||| 00| 0 eng d
020 ## - INTERNATIONAL STANDARD BOOK NUMBER
International Standard Book Number 9789381466353
040 ## - CATALOGING SOURCE
Language of cataloging IIMT UNIVERSITY MEERUT
Transcribing agency IIMT UNIVERSITY MEERUT
100 ## - MAIN ENTRY--PERSONAL NAME
Personal name PACHORI.Dr.GIRISH
245 ## - TITLE STATEMENT
Title HINDI SIKSHAN
260 ## - PUBLICATION, DISTRIBUTION, ETC.
Place of publication, distribution, etc. MEERUT
Name of publisher, distributor, etc. R.LAL BOOK DEPOT
Date of publication, distribution, etc. 2022
300 ## - PHYSICAL DESCRIPTION
Extent 370
942 ## - ADDED ENTRY ELEMENTS (KOHA)
Source of classification or shelving scheme
Koha item type Book Bank
Holdings
Withdrawn status Lost status Source of classification or shelving scheme Damaged status Not for loan Home library Current library Date acquired Source of acquisition Cost, normal purchase price Inventory number Total Checkouts Barcode Date last seen Price effective from Koha item type Date last checked out
          IIMT University Central Library Meerut IIMT University Central Library Meerut 12/10/2022 PRAKASH BOOK DEPOT 200.00 187   01-B-138727 12/12/2022 12/12/2022 Book Bank  
          IIMT University Central Library Meerut IIMT University Central Library Meerut 12/10/2022 PRAKASH BOOK DEPOT 200.00 187   01-B-138728 12/12/2022 12/12/2022 Book Bank  
          IIMT University Central Library Meerut IIMT University Central Library Meerut 12/10/2022 PRAKASH BOOK DEPOT 200.00 187 1 01-B-138729 07/25/2023 12/12/2022 Book Bank 04/10/2023
          IIMT University Central Library Meerut IIMT University Central Library Meerut 12/10/2022 PRAKASH BOOK DEPOT 200.00 187   01-B-138730 12/12/2022 12/12/2022 Book Bank  
          IIMT University Central Library Meerut IIMT University Central Library Meerut 12/10/2022 PRAKASH BOOK DEPOT 200.00 187   01-B-138731 12/12/2022 12/12/2022 Book Bank  
IIMT, Central Library. All Rights Reserved IIMT,UNIVERSITY © 2023
Implemented and Customised by I CLOUDE EMS
You Are OPAC Visitor No
free web counter

Powered by Koha